000 01431cam a2200169 4500500
005 20260322003725.0
041 _afre
042 _adc
100 1 0 _aHwang, Hyeseon
_eauthor
700 1 0 _aJang, Wonho
_eauthor
245 0 0 _aPure Love, Deferred Intimacy
260 _c2026.
500 _a23
520 _aThis paper examines how “pure love” narratives—intense emotional bonds without physical consummation—have emerged as a convergent theme across East Asian pop cultures (Japan, China, Korea, Taiwan, Hong Kong) and how they intersect with persistently low fertility rates. Drawing on case studies from Japanese film, manga/anime (Otoko wa Tsurai yo; City Hunter; Your Name), Chinese BL fiction, and Korean dramas, the study argues that these narratives both reflect and reinforce shifting gender scripts, herbivore masculinity, and women’s renegotiated social roles. Through comparative content analysis and secondary demographic data, it maps a feedback loop wherein pop-cultural imaginaries of love decouple romance from reproduction, contributing to demographic decline. Theoretical foundations include Henry Jenkins’s convergence culture, the concept of “no’nai ai”/jun’ai, and the author’s notion of gendered melancholia.
786 0 _nSociétés | 169 | 3 | 2026-03-11 | p. 19-31 | 0765-3697
856 4 1 _uhttps://shs.cairn.info/journal-societes-2025-3-page-19?lang=en&redirect-ssocas=7080
999 _c1734412
_d1734412